000 00770nas a2200253 4500
001 BR2012008496
003 BR-BrBNA
005 20231205121432.0
007 ta
008 230509b bl.|||p| |||| 00| 00por d
040 _aBR-BrBNA
_bpor
_cBiblioteca Nacional de Agricultura
041 _a(Pt)
072 _aL73; L50
100 1 _aLima, F.G. de
100 1 _aFioravanti, M.C.S.
245 1 _aDiagnóstico laboratorial de hepatopatias aplicado a bovinos criados no Brasil
650 _aBOVINO
650 _aHEPATOPATIA
650 _aANÁLISE DE LABORATÓRIO
650 _aDIAGNÓSTICO
773 0 _tRevista CFMV (Brazil)
_xISSN 1517-6959
_g(Sep-Dec 2010), v. 16(51) p. 60-75
_wBR2012008496
909 _a202311
_bLúcia
_c55
_dLúcia Elande
942 _2AGRIS
_n0
_cANA
999 _c223566
_d223566